Fish Pokémon - Statistics

General Stats
  • This quiz has been taken 18 times
  • The average score is 31 of 47
Answer Stats
Generations Answer % Correct
Goldeen
100%
Magikarp
100%
Seaking
100%
Feebas
86%
I Horsea
86%
KIngdra
86%
Luvdisc
86%
Seadra
86%
V Basculin
79%
Mantine
79%
Relicanth
79%
Remoraid
79%
VII Wishiwashi
79%
Alomomola
71%
Barboach
71%
Bruxish
71%
II Chinchou
71%
Finneon
71%
Gorebyss
71%
Huntail
71%
Lanturn
71%
Lumineon
71%
Mantyke
71%
Sharpedo
71%
Whiscash
71%
VIII Arrokuda
64%
Barraskewda
64%
Basculegion
64%
III Carvanha
64%
Qwilfish
64%
Chi-Yu
57%
Eelektrik
57%
Eelektross
57%
Quagsire
57%
Tynamo
57%
Wooper
57%
Clodsire
50%
Dondozo
50%
Overqwil
50%
IX Veluza
50%
Stunfisk
43%
Gabite
36%
Garchomp
36%
IV Gible
36%
Qwilfish Hisui
36%
Basculin Hisui
21%
Wooper Paldea
21%
No matching quizzes found
Score Distribution
Percent of People with Each Score
Percentile by Number Answered
Your Score History
You have not taken this quiz